| Tag |
First Indicator |
Second Indicator |
Subfields |
| LEADER |
00000cam a2200000 a 4500 |
| 001 |
in00000782865 |
| 005 |
20151017063206.0 |
| 008 |
870304s1986 onca j 00011 eng d |
| 010 |
|
|
|a gb 87011761
|
| 015 |
|
|
|a GB87-11761
|
| 020 |
|
|
|a 0553258613 (pbk) :
|c £1.50
|
| 035 |
|
|
|a (OCoLC)13520156
|
| 035 |
|
|
|9 ADN1206AM
|
| 040 |
|
|
|a UKM
|c UKM
|d VPL
|d m/c
|d TXA
|d UtOrBLW
|
| 049 |
1 |
|
|a TXA1 [SCIF]
|
| 082 |
0 |
|
|a 813/.54
|2 19
|
| 090 |
|
|
|a PR6061.U77
|b E52 1986
|
| 100 |
1 |
|
|a Kushner, Ellen.
|
| 245 |
1 |
4 |
|a The enchanted kingdom /
|c by Ellen Kushner ; illustrated by Judith Mitchell.
|
| 264 |
|
1 |
|a Toronto ;
|a New York :
|b Bantam,
|c [1986]
|
| 264 |
|
4 |
|c ©1986
|
| 300 |
|
|
|a 113 pages :
|b illustrations ;
|c 18 cm.
|
| 336 |
|
|
|a text
|b txt
|2 rdacontent
|
| 337 |
|
|
|a unmediated
|b n
|2 rdamedia
|
| 338 |
|
|
|a volume
|b nc
|2 rdacarrier
|
| 490 |
1 |
|
|a Choose your own adventure ;
|v 56
|
| 650 |
|
0 |
|a Plot-your-own stories.
|
| 830 |
|
0 |
|a Choose your own adventure ;
|v 56.
|
| 999 |
|
|
|a MARS
|
| 999 |
f |
f |
|s 6387adfd-d05d-3fd2-8b32-4b2798dfa317
|i e77af47a-5b5c-3f02-944f-55dc53697644
|t 0
|
| 952 |
f |
f |
|p noncirc
|a Texas A&M University
|b College Station
|c Cushing Memorial Library & Archives
|d Cushing: Science Fiction (Does not check out)
|t 0
|e PR6061.U77 E52 1986
|h Library of Congress classification
|i unmediated -- volume
|
| 998 |
f |
f |
|a PR6061.U77 E52 1986
|t 0
|l Cushing: Science Fiction (Does not check out)
|